| 000 | 00456nam a2200157 a 4500 | ||
|---|---|---|---|
| 001 | 000012168 | ||
| 005 | 20200929162727.0 | ||
| 008 | 091106s2008 dr ab 001 0 spa d | ||
| 040 |
_aDO-SdBNP _bspa _cBNPHU |
||
| 082 |
_axxx _bM692e |
||
| 245 | 0 | 0 | _aMódulo de educación ambiental. |
| 260 |
_aSanto Domingo : _bCEDAF, _c2008. |
||
| 300 |
_a112 p. : _bil; map. ; _c28 cm. |
||
| 710 | 2 |
_aCentro para el Desarrollo Agropecuario y Forestal _9519 |
|
| 049 | _aBNPD | ||
| 999 |
_c11833 _d11833 |
||